000 00448nam a2200181Ia 4500
001 9786
005 20260306161744.0
008 260306t2011||||xx |||||||||||||| ||spa||
041 _aESP
082 _a461
_bC17 2011
100 _aCalle de Bustamante, María Teresa
_eAUT
245 0 _aCuaderno de trabajo de comunicación
260 _c2011
300 _a155 páginas :
_c29 cm.
650 _aGEN
654 _aCHU
942 _cLIB
_dJUS
_fJUS
_2ddc
_n
999 _c9786
_d9786